000 00975nam a22003017a 4500
001 3333
003 FISKH
005 20240229095229.0
008 240228b cb ||||| |||| 00| 0 eng d
020 _a9780439045957
040 _aFISKH
_beng
_cFISKH
_dFISKH
050 _aTT921.C36
082 _a738.12
100 _aChanko, Pamela
245 _aClay art /
_bby Pamela Chanko ; ilustrated by Betsey Chessen
260 _aNew York :
_bScholastic ,
_c1999
300 _a16 unnumbered pages :
_bcolor illustrations ;
_c19 cm .
490 _aLearning Center Emergent Readers
505 _aE
520 _aShows how Gloria Elliott uses clay to make sculptures, mobiles, music boxes, necklaces, and finger puppets.
521 8 _a270
_bLexile
521 8 _aE
_bRaz-Plus
600 _2pottery craft
_vJuvenile literature
650 _aartist tools
_vnon-fiction
700 _aChessen, Betsey
_eillustrator
942 _2ddc
_cBK
_n0
999 _c3333
_d3333